<?xml version="1.0" encoding="UTF-8"?>
<record
    xmlns:xsi="http://www.w3.org/2001/XMLSchema-instance"
    xsi:schemaLocation="http://www.loc.gov/MARC21/slim http://www.loc.gov/standards/marcxml/schema/MARC21slim.xsd"
    xmlns="http://www.loc.gov/MARC21/slim">

  <leader>00451nam a22001457a 4500</leader>
  <datafield tag="999" ind1=" " ind2=" ">
    <subfield code="c">134107</subfield>
    <subfield code="d">134107</subfield>
  </datafield>
  <controlfield tag="005">20240515121144.0</controlfield>
  <controlfield tag="008">240515b           ||||| |||| 00| 0 eng d</controlfield>
  <datafield tag="040" ind1=" " ind2=" ">
    <subfield code="c">PK-LaUMT</subfield>
  </datafield>
  <datafield tag="082" ind1=" " ind2=" ">
    <subfield code="a">APC 297.4092</subfield>
    <subfield code="b">ASH-S</subfield>
  </datafield>
  <datafield tag="100" ind1=" " ind2=" ">
    <subfield code="a">Ashraf Zafar = &#x627;&#x634;&#x631;&#x641; &#x638;&#x641;&#x631;</subfield>
  </datafield>
  <datafield tag="245" ind1=" " ind2=" ">
    <subfield code="a">Syed Mir Ali Hamdani = &#x633;&#x6CC;&#x62F; &#x645;&#x6CC;&#x631; &#x639;&#x644;&#x6CC; &#x6C1;&#x645;&#x62F;&#x627;&#x646;&#x6CC;  /</subfield>
    <subfield code="c">by Ashraf Zafar = &#x627;&#x634;&#x631;&#x641; &#x638;&#x641;&#x631;</subfield>
  </datafield>
  <datafield tag="260" ind1=" " ind2=" ">
    <subfield code="a">Dehli :</subfield>
    <subfield code="b">Mahal Publications,</subfield>
    <subfield code="c">1987</subfield>
  </datafield>
  <datafield tag="300" ind1=" " ind2=" ">
    <subfield code="a">328 p.</subfield>
  </datafield>
  <datafield tag="942" ind1=" " ind2=" ">
    <subfield code="c">BK</subfield>
  </datafield>
  <datafield tag="952" ind1=" " ind2=" ">
    <subfield code="0">0</subfield>
    <subfield code="1">0</subfield>
    <subfield code="4">0</subfield>
    <subfield code="7">0</subfield>
    <subfield code="a">01</subfield>
    <subfield code="b">01</subfield>
    <subfield code="d">2024-05-15</subfield>
    <subfield code="l">0</subfield>
    <subfield code="o">APC 297.4092 ASH-S</subfield>
    <subfield code="p">146793</subfield>
    <subfield code="r">2024-05-15 00:00:00</subfield>
    <subfield code="w">2024-05-15</subfield>
    <subfield code="y">BK</subfield>
  </datafield>
</record>
